[Event "Le Touquet op"]
[Site "Le Touquet"]
[Date "1996.??.??"]
[Round "?"]
[White "Giffard, Nicolas"]
[Black "Lacrosse, Marc"]
[Result "1/2-1/2"]
[WhiteElo "2400"]
[BlackElo "2220"]

1.Nf3 d5 2.g3 c6 3.Bg2 Bg4 4.b3 e6 5.Bb2 Nd7 6.d3 Ngf6 7.Nbd2 Bc5 8.e3 O-O
9.h3 Bh5 10.g4 Bg6 11.Nh4 Ne8 12.Nxg6 fxg6 13.O-O Qe7 14.a3 a5 15.c4 g5 16.Qe2 Bb6
17.Rfe1 Rf7 18.Nf3 Nd6 19.Ne5 Nxe5 20.Bxe5 Raf8 21.Rf1 Ne8 22.b4 axb4 23.axb4 Nf6
24.Qb2 Bc7 25.b5 Bxe5 26.Qxe5 h6 27.bxc6 bxc6 28.cxd5 cxd5 29.Ra6 Re8 30.Rc6 Nd7
31.Qc3 Nf8 32.d4 Ng6 33.Rc1 Qf6 34.Rc2 Rd7 35.Rc8 Rxc8 36.Qxc8+ Rd8 37.Qa6 Nh4
38.Bh1 Rf8 39.Qd6 Kh7 40.Qg3 Ra8 41.Kh2  1/2-1/2

[Event "Leiner op"]
[Site "Leiner"]
[Date "1996.??.??"]
[Round "4"]
[White "Kustar, Sandor"]
[Black "Kuba, Guenter"]
[Result "1/2-1/2"]
[WhiteElo "2395"]
[BlackElo "2215"]

1.Nf3 d5 2.g3 Nf6 3.Bg2 Bg4 4.d3 Nbd7 5.Nbd2 c6 6.h3 Bxf3 7.Bxf3 e6 8.e4 Bd6
9.Qe2 O-O 10.Bg2 e5 11.O-O Qc7 12.a4 a5 13.Nb3 Rad8 14.Bd2 b6 15.Be3 Rfe8
16.c3 h6 17.Qc2 Bf8 18.Rad1 Nb8 19.Nd2 Nbd7 20.Rfe1 Bd6 21.Ra1 Nb8 22.Qb3 Bc5
23.d4 exd4 24.cxd4 Bb4 25.e5 Ne4 26.Re2 Nxd2 27.Bxd2 Na6 28.Bf4 Qd7 29.Qd3 Nc7
30.Rd1 c5 31.dxc5 Bxc5 32.b3 d4 33.Bd2 Nd5 34.Kh2 Qc7 35.Bxd5 Rxd5 36.f4 Qe7
37.Rde1 Bb4 38.Bxb4 Qxb4 39.Rc1 Rc5 40.Rxc5 bxc5 41.f5 Qc3 42.Qb5 Rf8 43.e6 fxe6
44.fxe6 d3 45.Rg2 Qe1 46.Qc4 Rf1 47.e7+ Kh8 48.e8=Q+ Qxe8 49.Qxd3 Qe1  1/2-1/2

[Event "Leiner op"]
[Site "Leiner"]
[Date "1996.??.??"]
[Round "8"]
[White "Ebner, Walter"]
[Black "Grosar, Aljosa"]
[Result "1/2-1/2"]
[WhiteElo "2210"]
[BlackElo "2470"]

1.Nf3 d5 2.g3 Bg4 3.Bg2 Nd7 4.d3 Ngf6 5.Nbd2 e5 6.e4 c6 7.O-O Bd6 8.h3 Bh5
9.Qe1 O-O 10.Nh4 Re8 11.Ndf3 dxe4 12.dxe4 a5 13.a4 Nc5 14.Nh2 Bf8 15.Nf5 Nfd7
16.Be3 f6 17.Ng4 Qc7 18.Qe2 Bf7 19.Rfd1 Red8 20.h4 Kh8 21.Nh2 Ne6 22.h5 c5
23.c3 c4 24.Qg4 Ndc5 25.Qh4 Nxa4 26.Ng4 Rxd1+ 27.Rxd1 Rd8 28.Rd5 Nxb2 29.Bh6 Nd3
30.Bxg7+ Bxg7 31.h6 Bf8 32.Qxf6+ Kg8 33.f4 a4 34.Nxe5 Nxe5 35.Rxe5 a3 36.Rxe6 Bc5+
37.Kh2 Bxe6 38.Qg5+ Kf8 39.Qf6+ Kg8 40.Qg5+ Kf8 41.Qf6+ Kg8 42.Qg5+  1/2-1/2

[Event "Leiner op"]
[Site "Leiner"]
[Date "1996.??.??"]
[Round "8"]
[White "Kustar, Sandor"]
[Black "Schulz, Rainer"]
[Result "1-0"]
[WhiteElo "2395"]
[BlackElo "2255"]

1.Nf3 d5 2.g3 c6 3.Bg2 Nf6 4.d3 Bg4 5.Nbd2 Nbd7 6.h3 Bh5 7.b3 e6 8.Bb2 Bc5
9.e4 O-O 10.Qe2 a5 11.a3 Bb6 12.O-O Qe7 13.a4 Rfd8 14.g4 Bg6 15.Nh4 dxe4
16.Nxg6 hxg6 17.dxe4 e5 18.Nc4 Bc7 19.Rfd1 Nc5 20.Ba3 b6 21.Qe3 Nh7 22.Rxd8+ Bxd8
23.b4 axb4 24.Bxb4 Nf8 25.a5 Nfe6 26.Nxe5 Qc7 27.Nc4 Bg5 28.Qc3 bxa5 29.Bxc5 Nxc5
30.Rxa5 Rxa5 31.Qxa5 Ne6 32.Qa8+ Kh7 33.e5 Nd4 34.Nd6 Qb6 35.Qa1 Nxc2 36.Qa2 Ne1
37.Nxf7 Bh4 38.Be4 Qd4 39.Qe2 Qa1 40.Kh2 Qc1 41.Qe3 Qc4 42.Qf4 Kg8 43.Nd6 Qe6
44.Kg1  1-0

[Event "Leon-B"]
[Site "Leon"]
[Date "1996.??.??"]
[Round "5"]
[White "Strikovic, Aleksa"]
[Black "De la Villa Garcia, Jesus Maria"]
[Result "1/2-1/2"]
[WhiteElo "2520"]
[BlackElo "2525"]

1.Nf3 d5 2.g3 Bg4 3.Bg2 Nd7 4.d4 e6 5.O-O Bd6 6.Nbd2 Ngf6 7.Re1 O-O 8.e4 dxe4
9.Nxe4 Nxe4 10.Rxe4 Bh5 11.c3 c6 12.Qb3 Qc7 13.Nd2 Nb6 14.Re1 e5 15.dxe5 Bxe5
16.f4 Bd6 17.Ne4 Bg4 18.Nxd6 Qxd6 19.Be3 Be6 20.Qc2 Bd5 21.Rad1 Qc7 22.c4 Nxc4
23.Bxd5 Nxe3 24.Rxe3 Qb6 25.Qb3 cxd5 26.Rxd5 Qxb3 27.Rxb3 b6 28.Rd7 Rfd8
29.Rbd3 Rxd7 30.Rxd7 g6  1/2-1/2

[Event "Anibal op 3rd"]
[Site "Linares"]
[Date "1996.??.??"]
[Round "?"]
[White "Anastasian, Ashot"]
[Black "Kacheishvili, Giorgi"]
[Result "0-1"]
[WhiteElo "2520"]
[BlackElo "2460"]

1.Nf3 d5 2.g3 Bg4 3.Bg2 Nd7 4.O-O c6 5.h3 Bh5 6.d3 e5 7.Nbd2 Ngf6 8.b3 Bd6
9.Nh4 O-O 10.Nf5 Bc5 11.Bb2 Re8 12.Qe1 Qc7 13.e4 dxe4 14.dxe4 Bf8 15.a4 b5
16.Qe3 Nc5 17.Rfe1 a5 18.Bf3 Bxf3 19.Qxf3 Nfd7 20.axb5 cxb5 21.c4 Reb8 22.cxb5 Rxb5
23.Red1 Ra6 24.Ba3 Qb7 25.Rac1 g6 26.Ne3 Nxb3 27.Bxf8 Nd4 28.Qg4 h5 29.Qh4 Nxf8
30.Kg2 Rc6 31.Nf3 Rxc1 32.Rxc1 Nxf3 33.Kxf3 Ne6 34.Kg2 Rb1 35.Rxb1 Qxb1 36.Nd5 a4
37.Kh2 a3 38.Nf6+ Kg7 39.Nd7 g5  0-1

[Event "Anibal op 3rd"]
[Site "Linares"]
[Date "1996.??.??"]
[Round "?"]
[White "Drasko, Milan"]
[Black "Yagupov, Igor"]
[Result "1-0"]
[WhiteElo "2505"]
[BlackElo "2450"]

1.Nf3 d5 2.g3 c6 3.Bg2 Bg4 4.O-O Nd7 5.d4 e6 6.Nbd2 Ngf6 7.Re1 Bd6 8.e4 dxe4
9.Nxe4 Nxe4 10.Rxe4 Nf6 11.Re1 O-O 12.c3 Re8 13.Qb3 Bxf3 14.Bxf3 Qb6 15.Bg5 Nd5
16.Re2 h6 17.Bd2 Red8 18.Kg2 Be7 19.c4 Nf6 20.Qxb6 axb6 21.Bc3 Rd7 22.a4 b5
23.b3 bxc4 24.bxc4 Ne8 25.d5 cxd5 26.cxd5 exd5 27.Rae1 d4 28.Bd2 Rxa4 29.Rxe7 Rxe7
30.Rxe7 Nf6 31.Rxb7 g5 32.Rb4  1-0

[Event "Anibal op 3rd"]
[Site "Linares"]
[Date "1996.??.??"]
[Round "?"]
[White "Lyrberg, Patrik"]
[Black "Barua, Dibyendu"]
[Result "0-1"]
[WhiteElo "2425"]
[BlackElo "2520"]

1.Nf3 d5 2.g3 Nf6 3.Bg2 c6 4.b3 Bf5 5.Bb2 Nbd7 6.d4 h6 7.Nbd2 e6 8.O-O Bd6
9.c4 O-O 10.Ne5 a5 11.a3 Qe7 12.f3 Nxe5 13.dxe5 Bc5+ 14.Kh1 Nd7 15.f4 Rfd8
16.cxd5 cxd5 17.e4 dxe4 18.Qe2 e3 19.Nc4 Nb6 20.Nd6 Bxd6 21.exd6 Rxd6 22.Qxe3 Nd5
23.Qe5 f6 24.Qe2 Nb6 25.Rfd1 Rc8 26.Rxd6 Qxd6 27.Rd1 Nd5 28.Rd2 Qb6 29.b4 axb4
30.axb4 Qxb4 31.g4 Nxf4  0-1

[Event "Lippstadt"]
[Site "Lippstadt"]
[Date "1996.??.??"]
[Round "1"]
[White "Kallai, Gabor"]
[Black "Wehmeier, Stefan"]
[Result "1/2-1/2"]
[WhiteElo "2500"]
[BlackElo "2400"]

1.Nf3 d5 2.g3 c6 3.Bg2 Bf5 4.O-O Nd7 5.d3 Ngf6 6.Nbd2 e6 7.Re1 Bc5 8.e4 dxe4
9.dxe4 Bg6 10.h3 Qc7 11.e5 Nd5 12.a3 Rd8 13.Ne4 Bxe4 14.Rxe4 O-O 15.c4 N5f6
16.exf6 Nxf6 17.Qe2 Nxe4 18.Qxe4 Qxg3 19.Be3 Bxe3 20.Qxe3 Qc7 21.Qxa7 Rd3
22.Qc5 Rfd8 23.b4 Qf4 24.Nh2 Rxa3 25.Rxa3 Qc1+ 26.Nf1 Qxa3 27.Qb6 Qa8 28.Ne3 Rd7
29.b5 cxb5 30.Qxb5 Qc8 31.Be4 Rc7 32.Qh5 h6 33.Qe5 Qd7 34.Kg2 b6 35.Bf3 Qd8
36.h4 Rc5 37.Qf4 Qc7 38.Qe4 h5 39.Qa8+ Qc8 40.Qxc8+ Rxc8 41.Bxh5 g6 42.Be2  1/2-1/2

[Event "Litomysl op"]
[Site "Litomysl"]
[Date "1996.??.??"]
[Round "2"]
[White "Grechanovskaya, Elena"]
[Black "Dambrauskas, Virginijus"]
[Result "0-1"]
[WhiteElo "2115"]
[BlackElo "2395"]

1.Nf3 d5 2.g3 Bg4 3.Bg2 Nd7 4.O-O Ngf6 5.d3 c6 6.Nbd2 e5 7.e4 Be7 8.Qe1 Qc7
9.b3 O-O 10.Bb2 d4 11.Nh4 Ne8 12.Nf5 Bb4 13.a3 Bxf5 14.axb4 Be6 15.f4 f6
16.Nf3 Bg4 17.Nh4 Nd6 18.Qd2 Nb5 19.Nf5 Bxf5 20.exf5 Qd6 21.Rae1 Rae8 22.Re4 Nb6
23.fxe5 fxe5 24.Rg4 Nd5 25.Qg5 Rf7 26.Bc1 Nbc3 27.Re1 Qf8 28.Be4 Nf6 29.Rh4 Ncxe4
30.dxe4 Qxb4 31.Bd2 Qc5 32.Rc1 b5 33.Kg2 Qd6 34.Re1 a5 35.Rh3 Qc5 36.Rc1 Nxe4
37.Qh4 Nf6 38.Bg5 Qd5+ 39.Kg1 Qe4 40.Bxf6 Qxh4 41.Bxh4 Rxf5 42.Rf1 Rxf1+
43.Kxf1 Kf7 44.g4 h6 45.Ke2 Ke6 46.Rd3 c5 47.Rd1 Ra8 48.Ra1 a4 49.bxa4 Rxa4
50.Rb1 b4 51.Kd2 Ra2 52.Rb3 e4 53.Kd1 e3 54.Bg3 Kd5 55.Bc7 Ke4 56.Bb6 Ra1+
57.Ke2 Kd5 58.Bc7 Rg1 59.Bg3 Rg2+ 60.Kd1 Ke4 61.Rb1 Rg1+ 62.Be1 Rxg4 63.Ra1 b3
64.cxb3 Rg1 65.Ra4 Kd3 66.Ra2 g5 67.Rb2 Ke4 68.Ra2 d3  0-1

[Event "Litomysl op"]
[Site "Litomysl"]
[Date "1996.??.??"]
[Round "6"]
[White "Mirumian, Vigen"]
[Black "Soln, Primoz"]
[Result "1/2-1/2"]
[WhiteElo "2430"]
[BlackElo "2330"]

1.Nf3 d5 2.g3 c6 3.Bg2 Nf6 4.O-O Bg4 5.b3 Nbd7 6.Bb2 e6 7.d3 Be7 8.Nbd2 O-O
9.c4 h6 10.a3 a5 11.Rc1 Qb6 12.Rc2 Nc5 13.Bd4 Nfd7 14.Qa1 Bf6 15.cxd5 exd5
16.Bxf6 Nxf6 17.Qd4 Ncd7 18.Qxb6 Nxb6 19.Nd4 Rfe8 20.Re1 Kf8 21.h3 Bd7 22.Kf1 Re7
23.f4 Rd8 24.Kf2 Ne8 25.Rb1 Nd6 26.b4 axb4 27.axb4 Ra8 28.N2b3 Ra3 29.Rbb2 Na4
30.Ra2 Rxa2 31.Rxa2 Nc3 32.Ra8+ Re8 33.Ra7 Nd1+ 34.Kg1 Nc3 35.Kf1 Bc8 36.g4 f5
37.Bf3 g5 38.fxg5 hxg5 39.Ke1 f4 40.Kd2 Ncb5  1/2-1/2

[Event "Litomysl op"]
[Site "Litomysl"]
[Date "1996.??.??"]
[Round "7"]
[White "Ianov, Viktor"]
[Black "Trojacek, Pavel"]
[Result "1-0"]
[WhiteElo "2425"]
[BlackElo "2165"]

1.Nf3 d5 2.g3 Nf6 3.Bg2 c6 4.O-O Bf5 5.d3 e6 6.Be3 Be7 7.c4 dxc4 8.dxc4 Qxd1
9.Rxd1 O-O 10.Nc3 Nbd7 11.Nd4 Bg6 12.Nb3 Nb6 13.Na5 Bb4 14.Bxb6 axb6 15.Nxb7 Bxc3
16.bxc3 Ra3 17.Bxc6 Be4 18.Nd8 Rxc3 19.Bb5 Bd3 20.Rxd3 Rxd3 21.exd3 Rxd8
22.a4 Nd7 23.d4 Kf8 24.Kf1 Nf6 25.c5 Nd5 26.Ke2 Ke7 27.cxb6 Nxb6 28.a5 Nc8
29.Rc1 Rd5 30.Rxc8 Rxb5 31.Rc7+ Kf6 32.a6 Rb3 33.a7 Ra3 34.Kd2 h5 35.h4 g6
36.Kc2 Kf5 37.Kb2 Ra6 38.Rxf7+ Ke4 39.Kc3 Ra4 40.Kb3 Ra1 41.Kc4 Rc1+ 42.Kb5 Rc8
43.Kb6  1-0

[Event "London"]
[Site "London"]
[Date "1996.??.??"]
[Round "2"]
[White "Martin, Benjamin"]
[Black "Richardson, John R"]
[Result "1/2-1/2"]
[WhiteElo "2375"]
[BlackElo "2280"]

1.Nf3 d5 2.g3 c5 3.Bg2 Nc6 4.c4 d4 5.d3 Nf6 6.O-O e5 7.e3 Be7 8.exd4 exd4
9.Na3 O-O 10.Re1 Bg4 11.Bf4 Bd6 12.Qd2 a6 13.Nc2 Qc7 14.Bxd6 Qxd6 15.Rab1 b5
16.b4 bxc4 17.dxc4 Rad8 18.bxc5 Qxc5 19.Nb4 Bxf3 20.Bxf3 Ne5 21.Rxe5 Qxe5
22.Nc6 Qc5 23.Nxd8 Rxd8 24.Qb4 Qf5 25.Qb6 Rf8 26.Rb3 d3 27.Qe3 Rd8 28.Bd5 Ng4
29.Qd4 g5 30.Rxd3 Ne5 31.Re3 Re8 32.Qe4 Qxe4 33.Rxe4 Kf8 34.f4 gxf4 35.Rxf4 Ke7
36.Rh4 Rb8 37.c5 Rb5 38.Rxh7 Rxc5 39.Bb3 a5 40.Kf2 Rc1 41.Ke3 Re1+ 42.Kf4 Kf6
43.Rh6+ Ng6+ 44.Kg4 a4 45.Bd5 Rd1 46.Be4 Rd4 47.Kf3 Rd2 48.h4 Rxa2 49.Bxg6 Kg7
50.Rh5 Kxg6 51.Rg5+ Kh6 52.Ra5 f6 53.Ra6 Kg6 54.g4 Kg7 55.Ra7+ Kh6 56.Ke4 a3
57.Kf5 Rf2+ 58.Ke6 Rf4 59.Rxa3  1/2-1/2

[Event "Women-Veterans"]
[Site "London"]
[Date "1996.??.??"]
[Round "5"]
[White "Smyslov, Vassily"]
[Black "Ioseliani, Nana"]
[Result "1/2-1/2"]
[WhiteElo "2510"]
[BlackElo "2500"]

1.Nf3 d5 2.g3 Nf6 3.Bg2 c5 4.O-O Nc6 5.d4 e6 6.b3 Be7 7.Bb2 O-O 8.Nbd2 b6
9.c4 cxd4 10.Nxd4 Nxd4 11.Bxd4 Bb7 12.Rc1 Rc8 13.e3 Rc7 14.Qe2 Qa8 15.Bxf6 Bxf6
16.cxd5 Rxc1 17.Rxc1 Bxd5 18.Bxd5 Qxd5 19.Rc7 Rd8 20.Nf3 a5 21.Kg2 Qd6 22.Qc2 g6
23.Rc6 Qb4 24.Rc4 Qd6 25.Qe4 b5 26.Rc6 Qd5 27.Qxd5 Rxd5 28.e4 Rd1 29.e5 Be7
30.Rc7 Kf8 31.Ra7 Bd8 32.Ra8 Kg7 33.Rc8 Rd5 34.Rc6 Be7 35.Rc7 Bd8 36.Rc2 Be7
37.Kf1 h6 38.Ke2 Bb4 39.h4 g5 40.hxg5 hxg5 41.g4 Kg6 42.Rc8 Kg7 43.Rc2  1/2-1/2

[Event "Loures"]
[Site "Loures"]
[Date "1996.??.??"]
[Round "8"]
[White "Spraggett, Kevin"]
[Black "Pinho, Paulo"]
[Result "1-0"]
[WhiteElo "2530"]
[BlackElo "2135"]

1.Nf3 d5 2.g3 c5 3.Bg2 Nc6 4.O-O e5 5.d3 Be7 6.Nbd2 g5 7.c4 Be6 8.cxd5 Bxd5
9.Qa4 f6 10.Nc4 h5 11.Ne3 Be6 12.h4 g4 13.Nd2 Bd7 14.Nd5 Nd4 15.Qd1 Bc6 16.e4 Qd7
17.b3 O-O-O 18.Bb2 Kb8 19.b4 Ne6 20.bxc5 Ka8 21.Nb3 Bxc5 22.d4 Bxd4 23.Nxd4 Nxd4
24.Bxd4 exd4 25.Qxd4 Ne7 26.Qxf6 Nxd5 27.exd5 Bxd5 28.Rad1 Rhf8 29.Qb2 Rf5
30.Rd2 Qc6 31.Rc1 Qe6 32.Rcd1 a6 33.Rd4 Ka7 34.Qd2 Bxg2 35.Rxd8 Bf3 36.Qd4+ Qb6
37.Ra8+ Kxa8 38.Qxb6  1-0

[Event "Loures"]
[Site "Loures"]
[Date "1996.??.??"]
[Round "11"]
[White "Spraggett, Kevin"]
[Black "Lima, Paulo"]
[Result "1-0"]
[WhiteElo "2530"]
[BlackElo "2115"]

1.Nf3 d5 2.g3 Nf6 3.Bg2 g6 4.O-O Bg7 5.d3 O-O 6.Nbd2 c6 7.e4 dxe4 8.dxe4 Bg4
9.h3 Bxf3 10.Qxf3 Nbd7 11.Qe2 e5 12.a4 Qc7 13.a5 a6 14.Nc4 Rfd8 15.b3 Nf8
16.Bb2 Ne8 17.h4 Ne6 18.c3 Nc5 19.b4 Nd3 20.Ba3 c5 21.bxc5 Nf6 22.Nd6 Nxc5
23.Bxc5 Rxd6 24.Bxd6 Qxd6 25.Qc4 Bf8 26.Rab1 Rb8 27.Rb6  1-0

[Event "Ludwigshafen-ch 10th"]
[Site "Ludwigshafen"]
[Date "1996.??.??"]
[Round "1"]
[White "Bruch, Jochen"]
[Black "Senne, Volker"]
[Result "1-0"]
[WhiteElo "2305"]
[BlackElo "1630"]

1.Nf3 d5 2.g3 c5 3.Bg2 Nc6 4.O-O e5 5.d3 h6 6.Nbd2 Nf6 7.e4 d4 8.Nc4 Bd6
9.Nh4 O-O 10.f4 exf4 11.Nxd6 Qxd6 12.gxf4 Qe7 13.Nf3 Bg4 14.Kh1 Nh5 15.Qe1 Nb4
16.Qf2 Rae8 17.Rg1 Kh8 18.Ne5 Bc8 19.a3 Nxc2 20.Qxc2 Qh4 21.Bf3 Nxf4 22.Ng4 Nh3
23.Rg3 Bxg4 24.Bxg4 f5 25.Bxh3 fxe4 26.Qxc5 exd3 27.Bd2 Rf2 28.Rf1 Qf6 29.Kg1 Rxf1+
30.Bxf1 Rf8 31.Bxd3 Qf2+ 32.Kh1 Re8 33.Qf5  1-0

[Event "Ludwigshafen-ch 10th"]
[Site "Ludwigshafen"]
[Date "1996.??.??"]
[Round "5"]
[White "Bruch, Jochen"]
[Black "Stephan, Ulrich"]
[Result "1-0"]
[WhiteElo "2305"]
[BlackElo "1945"]

1.Nf3 d5 2.g3 Nf6 3.Bg2 c6 4.O-O Bf5 5.d3 e6 6.Nbd2 h6 7.c4 Be7 8.Rb1 a5
9.a3 Na6 10.b3 O-O 11.Bb2 Bh7 12.Ne5 Bd6 13.Qc1 Qe7 14.Ra1 Nc5 15.b4 axb4
16.axb4 Na6 17.c5 Bxe5 18.Bxe5 Rfd8 19.Qb2 Nc7 20.Nb3 Nb5 21.Rxa8 Rxa8 22.Ra1 Rd8
23.Nd4 Nxd4 24.Bxd4 Ne8 25.Ra7 f6 26.f4 g5 27.b5 Rd7 28.bxc6 bxc6 29.Rxd7 Qxd7
30.Bxf6 gxf4 31.gxf4 Bf5 32.Be5 Qf7 33.e4 Bg4 34.Qf2 Nf6 35.Qg3 Kh7 36.Bxf6 Qxf6
37.Qxg4 Qd4+ 38.Kf1 Qxd3+ 39.Qe2 Qb1+ 40.Kf2  1-0

[Event "Asia-ch Boys"]
[Site "Macau"]
[Date "1996.??.??"]
[Round "?"]
[White "Kunte, Abhijit"]
[Black "Sharma, Dinesh K"]
[Result "1-0"]
[WhiteElo "2345"]
[BlackElo "2260"]

1.Nf3 d5 2.g3 c6 3.Bg2 Bg4 4.d4 Nf6 5.O-O e6 6.Ne5 Bh5 7.c4 Nbd7 8.cxd5 cxd5
9.Nc3 Be7 10.Qb3 Qb6 11.Nxd7 Nxd7 12.e4 dxe4 13.Bxe4 O-O 14.Bxb7 Rab8 15.Qxb6 Nxb6
16.Ba6 Rbd8 17.Be3 Bf6 18.Be2 Bxe2 19.Nxe2 Nc4 20.b3 Nxe3 21.fxe3 e5 22.Rad1 exd4
23.Nxd4 Rfe8 24.Kf2 Rc8 25.Rc1 Rcd8 26.Rfd1 Bg5 27.Rc3 g6 28.b4 Rd6 29.Rdd3 Re4
30.Rc8+ Kg7 31.Nf5+ gxf5 32.Rxd6 Bxe3+ 33.Kf3 Bb6 34.a3 Re3+ 35.Kf4 Rxa3
36.Kxf5 Rf3+ 37.Kg4 Rb3 38.Rc4 Bg1 39.Rd2 Bb6 40.Rd7 Kg6 41.Rf4 f5+ 42.Kh4 Rb2
43.Rd6+ Kg7 44.Rxf5 Rxb4+ 45.Kh5 Rb2 46.Rd7+ Kg8 47.h4 Rb3 48.g4 Rb4 49.Rg5+ Kf8
50.Rxh7  1-0

[Event "Makarska"]
[Site "Makarska"]
[Date "1996.??.??"]
[Round "10"]
[White "Gabriel, Christian"]
[Black "Arlandi, Ennio"]
[Result "1/2-1/2"]
[WhiteElo "2510"]
[BlackElo "2455"]

1.Nf3 d5 2.g3 Nf6 3.Bg2 e6 4.O-O Be7 5.d4 O-O 6.c4 dxc4 7.Qc2 a6 8.a4 Bd7
9.Qxc4 Bc6 10.Bf4 a5 11.Nc3 Na6 12.Rfe1 Bd5 13.Qd3 Nb4 14.Qd1 Bxf3 15.Bxf3 Nfd5
16.Bc1 c6 17.e4 Nb6 18.Be2 c5 19.Be3 Rc8 20.Rc1 cxd4 21.Qxd4 Qxd4 22.Bxd4 Bc5
23.Bxc5 Rxc5 24.Red1 Rfc8 25.Bb5 Kf8 26.Rd6 Nc4 27.Bxc4 Rxc4 28.Rcd1 Na6
29.Rd7 Nc5 30.Rd8+ Rxd8 31.Rxd8+ Ke7 32.Rc8 Kd7 33.Rf8 Nxa4 34.Rxf7+ Kc6
35.Nxa4 Rxa4 36.Rxg7 Rb4 37.Rxh7 Rxb2 38.Rh8 Rb6 39.Rc8+ Kd7 40.Rc1 a4 41.Ra1 Rb4
42.h4 b5 43.Kg2 Ke7 44.e5 Kf7 45.Kh3 Kg6 46.f4 Rb3 47.Kg4 a3 48.h5+ Kh6 49.f5 exf5+
50.Kxf5 b4 51.e6 Rxg3 52.e7 Rg8 53.Ke6 Rb8 54.Kd7 b3 55.Rxa3 b2 56.e8=Q Rxe8
57.Rb3 Re2 58.Rb5  1/2-1/2

[Event "Manresa op"]
[Site "Manresa"]
[Date "1996.??.??"]
[Round "3"]
[White "Marin, Mihail"]
[Black "Ridameya, Jose"]
[Result "1-0"]
[WhiteElo "2530"]
[BlackElo "2210"]

1.Nf3 d5 2.g3 Nf6 3.Bg2 c5 4.O-O Nc6 5.d3 g6 6.c4 dxc4 7.dxc4 Qxd1 8.Rxd1 Bg7
9.Nc3 Be6 10.Be3 Bxc4 11.Bxc5 Rc8 12.Nd4 Nxd4 13.Bxd4 b6 14.b3 Ba6 15.a4 O-O
16.a5 b5 17.Na2 Rc7 18.Nb4 Bc8 19.Rac1 Rxc1 20.Rxc1 a6 21.Nc6 Be6 22.Nxe7+ Kh8
23.b4 Bc4 24.Bb7 Re8 25.Nc6 Rxe2 26.Bxa6 Ne4 27.Be3 Bb2 28.Rxc4 bxc4 29.Bxc4 Re1+
30.Kg2 Nd6 31.Bd3 Nf5 32.Bxf5 gxf5 33.a6 f4 34.gxf4 Ra1 35.a7  1-0

[Event "Mar del Plata 1st Rank"]
[Site "Mar del Plata"]
[Date "1996.??.??"]
[Round "1"]
[White "Palermo, Vicente"]
[Black "Gonzalez, Roberto"]
[Result "1/2-1/2"]
[WhiteElo "2230"]
[BlackElo "2215"]

1.Nf3 d5 2.g3 Nf6 3.Bg2 g6 4.O-O Bg7 5.d3 O-O 6.Nbd2 c5 7.e4 Nc6 8.Re1 e5
9.exd5 Nxd5 10.Nc4 Re8 11.a4 Ndb4 12.Be3 Nd4 13.Bxd4 exd4 14.Rxe8+ Qxe8 15.Nd6 Qe7
16.Nxc8 Rxc8 17.Qd2 Qd7 18.b3 Re8 19.Re1 Rxe1+ 20.Nxe1 a6 21.Qf4 Qe8 22.Kf1 b5
23.axb5 Qxb5 24.Qc1 Bf6 25.Qd2 Bd8 26.Qe2  1/2-1/2

[Event "Mar del Plata op"]
[Site "Mar del Plata"]
[Date "1996.??.??"]
[Round "2"]
[White "Fiorito, Fabian"]
[Black "Olivares, Daniel"]
[Result "1-0"]
[WhiteElo "2455"]
[BlackElo "2215"]

1.Nf3 d5 2.g3 Nf6 3.Bg2 e6 4.O-O Be7 5.c4 c6 6.d4 O-O 7.Qc2 Nbd7 8.b3 Ne4
9.Bb2 f5 10.Nbd2 Bf6 11.Rad1 Qe8 12.Ba3 Rf7 13.Nxe4 fxe4 14.Ne1 Nf8 15.f3 exf3
16.Nxf3 b6 17.e4 Bb7 18.exd5 exd5 19.Rfe1 Qd8 20.Qd2 dxc4 21.bxc4 c5 22.d5 Qd6
23.Bb2 Rd8 24.Bxf6 Rxf6 25.Ng5 Rh6 26.Re3 Qg6 27.Re7 Rd7 28.Rxd7 Nxd7 29.Re1 Nf8
30.Rf1 Qh5 31.Bf3 Qe8 32.Bg4 Qd8 33.Nf7  1-0

[Event "SVK-ch"]
[Site "Martin"]
[Date "1996.??.??"]
[Round "5"]
[White "Banas, Jan"]
[Black "Maros, Milan"]
[Result "1-0"]
[WhiteElo "2370"]
[BlackElo "2245"]

1.Nf3 d5 2.g3 Nf6 3.Bg2 Bf5 4.O-O e6 5.d3 Be7 6.Nbd2 h6 7.c4 c6 8.b3 O-O
9.Bb2 Nbd7 10.Qc2 Re8 11.Bc3 Bd6 12.e4 dxe4 13.dxe4 Bh7 14.b4 c5 15.b5 Qc7
16.Qb2 e5 17.Nh4 Nf8 18.Nf5 N6d7 19.Nf3 f6 20.Qd2 Be7 21.Qd5+ Kh8 22.Qf7 Bxf5
23.exf5 Nb6 24.Nh4 Rab8 25.Rfd1 Bd6 26.Bd5 Qxf7 27.Bxf7 Re7 28.Ng6+ Nxg6
29.fxg6 Bc7 30.Rd3 Rd8 31.Rxd8+ Bxd8 32.Rd1 Bc7 33.g4 Nc8 34.Kg2 Nd6 35.Bd5 Bb8
36.a4 Bc7 37.h4 Nc8 38.Bxb7 Nb6 39.Ba5 Kg8 40.Be1 Kf8 41.Bd5 Rd7 42.Rd3 Nxa4
43.Ra3 Nb6 44.Rxa7 Nxd5 45.cxd5 Ke7 46.Kf3 Bd8 47.Rxd7+ Kxd7 48.Bd2 Ke7 49.Ke4 Bc7
50.h5 Bd6 51.b6  1-0

[Event "Wch U20 Girls"]
[Site "Medellin"]
[Date "1996.??.??"]
[Round "3"]
[White "Danielian, Elina"]
[Black "Tkeshelashvili, Sofia"]
[Result "1-0"]
[WhiteElo "2330"]
[BlackElo "2170"]

1.Nf3 d5 2.g3 Nf6 3.Bg2 Bg4 4.O-O Nbd7 5.d3 e5 6.c4 c6 7.Nc3 Bd6 8.h3 Bxf3
9.Bxf3 dxc4 10.dxc4 Qc7 11.Be3 O-O 12.Qc2 a5 13.Rad1 Bc5 14.Bg5 h6 15.Bc1 Ba7
16.e3 Nc5 17.b3 Rfd8 18.Bb2 Rxd1 19.Rxd1 Rd8 20.Rxd8+ Qxd8 21.Ne4 Ncxe4 22.Bxe4 Qd6
23.Bf3 Bb6 24.Qf5 Qd7 25.Qxe5 Bc7 26.Qd4 Qxh3 27.Bc3 Qf5 28.Kg2 c5 29.Qd1 b6
30.Bxf6 Qxf6 31.Qd7 Qd8 32.Qc6 g6 33.Bd5 Kg7 34.e4 g5 35.Qb7 Qb8 36.Qc6 Qd8
37.a3 Qe7 38.Qb7 Bd8 39.Qc8 Bc7 40.Qf5 Bd6 41.f4 gxf4 42.gxf4 Qf6 43.Qxf6+ Kxf6
44.e5+ Bxe5 45.fxe5+ Kxe5 46.Bxf7 Kd4 47.a4 Kc3 48.Be8  1-0

[Event "Wch U20"]
[Site "Medellin"]
[Date "1996.??.??"]
[Round "8"]
[White "Vescovi, Giovanni"]
[Black "Moreda, Lucas"]
[Result "0-1"]
[WhiteElo "2490"]
[BlackElo "2285"]

1.Nf3 d5 2.g3 Nf6 3.Bg2 c6 4.O-O Nbd7 5.d4 e6 6.c4 b5 7.b3 bxc4 8.bxc4 Ba6
9.Ne5 Nxe5 10.dxe5 Nd7 11.cxd5 cxd5 12.Qa4 Bxe2 13.Re1 Qc8 14.Nd2 Qa6 15.Qf4 Be7
16.h4 Rb8 17.a4 Rb4 18.Qe3 Bd3 19.a5 Bc5 20.Qf3 Bd4 21.Ba3 Ra4 22.Qf4 Qxa5
23.Bb2 Bxb2 24.Rxa4 Qc5 25.Ra2 Bc3 26.Rc1 O-O 27.Nb3 Qb4 28.Qxb4 Bxb4 29.Rxa7 Nxe5
30.Rcc7 Bd6 31.Rc3 Bc4 32.Na5 Bc5 33.Rb7 Bd4 34.Rc2 Bd3 35.Rd2 Bc3 36.Ra2 h6
37.Ra3 Rc8 38.Nb3 Bc4 39.Bf1 Nf3+ 40.Kg2 Ne1+ 41.Kg1 Bf6 42.Nd2 Nc2 43.Raa7 Bxf1
44.Kxf1 Nd4 45.Rc7 Rf8 46.Kg2 Nb5 47.Nf3 Nxa7 48.Rxa7 g5 49.hxg5 hxg5 50.Kh3 Kg7  0-1

[Event "Melbourne Masters"]
[Site "Melbourne"]
[Date "1996.??.??"]
[Round "9"]
[White "Smith, Robert W"]
[Black "Khoze, Eduard"]
[Result "1-0"]
[WhiteElo "2275"]
[BlackElo "2160"]

1.Nf3 d5 2.g3 Nf6 3.Bg2 c5 4.O-O Nc6 5.c4 d4 6.d3 e5 7.Na3 h6 8.Nc2 Bd6 9.a3 a5
10.b3 O-O 11.Rb1 Nd7 12.Bd2 f5 13.Nfe1 Qe7 14.b4 axb4 15.axb4 cxb4 16.e3 dxe3
17.Nxe3 Nf6 18.N1c2 Rd8 19.Nd5 Nxd5 20.cxd5 Nd4 21.Nxb4 Bd7 22.Bc3 Ba4 23.Qd2 Nb3
24.Qe1 Rdc8 25.Na2 Nc5 26.Qd2 e4 27.Nc1 exd3 28.Nxd3 Nb3 29.Qe1 Qxe1 30.Bxe1 Nd4
31.Rxb7 Bb5 32.Rxb5 Nxb5 33.Bb4 Ra4 34.Bxd6 Nxd6 35.h4 Rd4 36.Nf4 Ne4 37.h5 Kf7
38.Ra1 Rd2 39.Ra7+ Kf6 40.Ra6+ Ke5 41.Re6+ Kd4 42.Bxe4 fxe4 43.d6 Rc1+ 44.Kg2 Kc5
45.Rxe4 Kxd6 46.Re6+ Kc7 47.Rg6 Rd7 48.Ne6+ Kb7 49.Nxg7 Rc5 50.g4 Rc6 51.Nf5 Rh7
52.Kg3 Kc7 53.f4 Kd7 54.Rxc6 Kxc6 55.Kh4 Kd5 56.g5 Ke4 57.g6 Rh8 58.Nxh6 Kxf4
59.g7 Ra8 60.g8=Q Rxg8 61.Nxg8 Kf5 62.Ne7+ Kf6 63.h6 Kf7 64.Kg5  1-0

[Event "Wch U16"]
[Site "Menorca"]
[Date "1996.??.??"]
[Round "10"]
[White "Dyce, Andrew"]
[Black "Batzorig, Tuvshintogs"]
[Result "0-1"]
[WhiteElo "2135"]
[BlackElo "2185"]

1.Nf3 d5 2.g3 c6 3.Bg2 Bg4 4.d3 Nd7 5.O-O e5 6.e4 Be7 7.Nbd2 Ngf6 8.Re1 d4
9.c4 Nc5 10.Qc2 Nfd7 11.h3 Bh5 12.b4 Ne6 13.c5 Bxf3 14.Bxf3 a5 15.Bg4 axb4
16.Bxe6 fxe6 17.Nb3 b5 18.cxb6 Qxb6 19.Qc4 c5 20.f4 Qa6 21.Nd2 O-O 22.Qxa6 Rxa6
23.Nc4 exf4 24.gxf4 Rfa8 25.a3 Nb6 26.Ne5 Bf6 27.Nf3 bxa3 28.Re2 Na4 29.Rc2 Nc3
30.Bd2 Rb8 31.Bxc3 dxc3 32.e5 a2 33.Rcxa2 Rxa2 34.Rxa2 Bd8 35.Rc2 Rb1+ 36.Kf2 Rb2
37.Rxb2 cxb2 38.Nd2 Ba5 39.Nb1 Kf7 40.Kf3 Kg6 41.Ke4 Bb4 42.h4 h5  0-1

[Event "Metz op"]
[Site "Metz"]
[Date "1996.??.??"]
[Round "?"]
[White "Bauer, Christian"]
[Black "Lafarge, Jean Marc"]
[Result "1-0"]
[WhiteElo "2430"]
[BlackElo "2240"]

1.g3 d5 2.Nf3 Nc6 3.c4 d4 4.d3 Nf6 5.Bg2 g6 6.O-O Bg7 7.Na3 O-O 8.Bf4 Nh5
9.Bd2 Ne5 10.b4 c6 11.Nc2 Nxf3+ 12.Bxf3 e5 13.Re1 Be6 14.a4 Qd7 15.b5 c5
16.e3 Nf6 17.exd4 exd4 18.Bf4 Rad8 19.Qd2 Bf5 20.a5 Nh5 21.Bxh5 gxh5 22.f3 Rfe8
23.Bg5 Rc8 24.Rad1 Qd6 25.Rxe8+ Rxe8 26.Ne1 h6 27.Bf4 Be5 28.Ng2 Bxf4 29.Nxf4 Qe5
30.Kf2 Qe3+ 31.Qxe3 Rxe3 32.b6 axb6 33.axb6 Kf8 34.h4 Bh7 35.Rd2 Kg7 36.Rd1 Bf5
37.Rd2 Kg8 38.Re2 Bxd3 39.Rxe3 dxe3+ 40.Kxe3 Bxc4 41.Nxh5 Kf8 42.Nf6 Ke7
43.Ng8+ Kd6 44.Nxh6 Ke5 45.f4+ Kf6 46.g4 Kg6 47.Nf5 Be6 48.Nd6 Bd5 49.f5+ Kg7
50.Ne4  1-0

[Event "BLR-ch Minsk"]
[Site "Minsk"]
[Date "1996.??.??"]
[Round "3"]
[White "Mochalov, Evgeny V"]
[Black "Aleksandrov, Aleksej"]
[Result "1/2-1/2"]
[WhiteElo "2515"]
[BlackElo "2535"]

1.g3 d5 2.Nf3 Nf6 3.Bg2 e6 4.d4 Be7 5.c4 O-O 6.O-O c6 7.Qc2 b6 8.Rd1 Nbd7
9.b3 Bb7 10.Nc3 Rc8 11.e4 dxe4 12.Nxe4 Nxe4 13.Qxe4 Qc7 14.Bf4 Bd6 15.Bxd6 Qxd6
16.c5 Qc7 17.b4 Nf6 18.Qc2 Rfd8 19.a3 bxc5 20.dxc5 a5 21.Ng5 Ba6 22.Rxd8+ Rxd8
23.Rd1 axb4 24.axb4 Bb5 25.Ne4 Nxe4 26.Bxe4 g6 27.Bd3 Bxd3 28.Rxd3 Qb8 29.Rxd8+ Qxd8
30.Qe4 Qd7 31.Kf1 Kf8 32.Ke2 h5 33.b5 cxb5 34.c6 Qd6 35.Qc2 Qe5+ 36.Kf1 Ke7
37.c7 Qa1+ 38.Ke2 Qe5+  1/2-1/2